Rozpoznaj postać z serii o Harrym Potterze po różdżce - Statystyki

Ogólne statystyki
  • Ten quiz został rozwiązany 285 razy
  • Średni wynik to 4 z 10
Statystyki odpowiedzi
Hint Odpowiedź % Poprawnych
drewno: ostrokrzew, rdzeń: pióro z feniksa, długość: 11 cali Harry Potter
83%
drewno: cis, rdzeń: pióro feniksa, długość: 13½ cala Tom Riddle
80%
drewno: czarny bez, rdzeń: włos z ogona testrala, długość: 15 cali Albus Dumbledore
56%
drewno: wierzba, rdzeń: włos z ogona jednorożca, długość: 14 cali Ron Weasley
56%
drewno: winorośl, rdzeń: włókno ze smoczego serca, długość: 10¾ cala Hermiona Granger
47%
drewno: głóg, rdzeń: włos z ogona jednorożca, długość: 10 cali Draco Malfoy
46%
drewno: dąb, rdzeń: włókno ze smoczego serca, długość: 16 cali Rubeus Hagrid
17%
drewno: wiśnia, rdzeń: włos jednorożca, długość: 13 cali Neville Longbottom
15%
drewno: jodła, rdzeń: włókno ze smoczego serca, długość: 9½ cala Minerwa McGonagall
8%
drewno: jesion, rdzeń: włos z ogona jednorożca, długość: 12¼ cala Cedrik Diggory
5%
Nie znaleziono quizów pasujących do podanych kryteriów
Rozkład punktacji
Procent ludzi z każdym wynikiem
Percentyl według liczby udzielonych odpowiedzi
Twoja historia wyników
Nie rozwiązałeś tego quizu